Statistics for They Went Around the World. Who Are They?

Click here to take the quiz!

General Stats

  • This quiz has been taken 1,072 times
  • The average score is 8 of 14

Answer Stats

HintAnswer% Correct
My voyage to the Caribbean in 1492 kicked off the Age of Discovery, significantly and permanently changing the world. Who am I?Christopher Columbus
97%
I am a Venetian explorer. From 1271 to 1295 I traveled from Italy to China, and served the Yuan dynasty for several years. My stories were recorded when I retold them while I was held in a Genoese prison. Who am I?Marco Polo
96%
I went around the world from 1768 to 1771, and again from 1772 to 1775. I am most famous for my voyages to Australia, New Zealand, and the Hawaiian Islands. Who am I?James Cook
90%
I departed from Spain in 1519, discovered a strait in southern Patagonia in 1520, was killed in action in the Philippines in 1521, and the sole surviving ship of my expedition completed the circumnavigation of the world without me in 1522. Who am I?Ferdinand Magellan
81%
I tried to go around the world by plane in 1937 but disappeared over the Pacific Ocean after my navigator and I couldn't find Howland Island. Who am I?Amelia Earhart
80%
In 1961, I went around the world in a small capsule in less than two hours, achieving a major milestone in the Space Race. Who am I?Yuri Gagarin
72%
Departing in 1577, I raided Spanish settlements all along the South American coast, claimed some land in California for England, and headed west to complete my circumnavigation in 1580. My actions marked the first significant challenge to Luso-Hispanic dominance in the New World. Who am I?Francis Drake
65%
After I served as a general in the American Civil War, I became the President of the United States, and after that, I went on a world tour from 1877 to 1879. Who am I?Ulysses S. Grant
65%
In 1962, I went around the world three times, in a similar manner to the above. I later became a United States Senator. Who am I?John Glenn
45%
I am a fictional character who went around the world in eighty days. Who am I?Phileas Fogg
44%
In 1997, we went around the world, a-round the wor-ld 144 times in 7 minutes. Who are we?Daft Punk
25%
I am the most well-traveled man of the pre-modern world. I visited the cities of the North African coast, traveled extensively throughout Arabia and the Levant, and crossed the Sahara. I went as far east as China and as far south as modern-day Tanzania. Who am I?Ibn Battuta
25%
I am a Chinese explorer who traveled to Southeast Asia and Arabia in the early 15th century. While the explorers of Europe and Arabia traveled with only a handful of ships and a limited crew, I assembled a fleet of as many as 317 ships and 28,000 crew. Who am I?Zheng He
23%
I am an American aviator who completed the first aerial circumnavigation of the world on a Douglas World Cruiser in 1924. Who am I?Lowell H. Smith
5%

Score Distribution

Percentile by Number Answered

Percent of People with Each Score

Your Score History

You have not taken this quiz